Statistics for Which City in the World? A - Z

Click here to take the quiz!

General Stats

  • This quiz has been taken 148 times
    (123 since last reset)
  • The average score is 18 of 25

Answer Stats

HintCity% Correct
PEiffel TowerParis
94%
BSagrada Família is located inBarcelona
87%
HMost populous city in VietnamHo Chi Minh City
86%
IPreviously known as ByzantiumIstanbul
86%
SGolden Gate Bridge is related to this citySan Francisco
86%
ZCapital of CroatiaZagreb
86%
ACapital of South AustraliaAdelaide
85%
VThird Largest City in SpainValencia
85%
ECapital of AlbertaEdmonton
84%
MBirthplace of MuhammadMecca
83%
UCapital of MongoliaUlaanbaatar
83%
TLibyan CapitalTripoli
81%
DMost Polluted CityDelhi
72%
RLargest port of EuropeRotterdam
72%
WMetropolis on Vistula RiverWarsaw
66%
JSecond most populous urban agglomerationJakarta
65%
GHeadquarters of WHOGeneva
64%
KWhere the White Nile and Blue Nile meetKhartoum
62%
cHome of Brøndby football clubCopenhagen
60%
YCameroon's CapitalYaoundé
59%
NOne of the most populous city in JapanNagoya
53%
OCity on Loire River, 111 km southwest from ParisOrléans
52%
LHighest capital cityLa Paz
50%
QFormer capital of PhilippinesQuezon City
33%
FOne of most populated in PakistanFaisalabad
31%

Score Distribution

Percentile by Number Answered

Percent of People with Each Score

Your Score History

You have not taken this quiz since the last reset